000 00489nam a2200181 a 4500
001 1758091731339
003 ACL
005 20250917122059.0
008 250917s2009##################000#0#eng##
020 _a9780786438129
082 0 4 _a791.4575097309049
_bSHA
100 1 _aShapiro, Mitchell E.,
_eauthor.
245 1 0 _aTelevision Network Prime Time Programming, 1985-2007 :
260 _bMcFarland,
_c2009.
650 0 _aPerforming Arts.
942 _cENGLISH
040 _aACL
_beng
_cACL
999 _c587632
_d587632